[Event "ch-DEN"]
[Site "Silkeborg DEN"]
[Date "2008.03.19"]
[Round "5"]
[White "Jacobsen,B"]
[Black "Matthiesen,A"]
[Result "0-1"]
[WhiteElo "2316"]
[BlackElo "2327"]

1.g3 d5 2.Nf3 Nc6 3.Bg2 e5 4.O-O Nf6 5.c4 d4 6.e3 Be7 7.b4 e4 8.Nxd4 Nxd4
9.exd4 Qxd4 10.Qb3 Be6 11.Na3 O-O 12.Bb2 Qxd2 13.Bc3 Qg5 14.Rac1 e3 15.f4 Qh6
16.Bxb7 e2 17.Rfe1 Rab8 18.Bf3 a5 19.Nc2 axb4 20.Bd4 c5 21.Bb2 Rbd8 22.Rxe2 Qg6
23.Ne3 Bd6 24.Rf1 Bxf4 25.Ng2 Bc7 26.Re3 Ng4 27.Nh4 Qg5 28.Re4 Nxh2  0-1

[Event "LIV Abierto Mexicano de Ajedrez"]
[Site "Aguascalientes MEX"]
[Date "2008.03.20"]
[Round "3"]
[White "Bruzon Batista,L"]
[Black "Ibarra Chami,L"]
[Result "1-0"]
[WhiteElo "2607"]
[BlackElo "2364"]

1.Nf3 d5 2.g3 Nf6 3.Bg2 e6 4.O-O c5 5.c4 Nc6 6.cxd5 Nxd5 7.d4 Nf6 8.Ne5 Bd7
9.Nxd7 Qxd7 10.dxc5 Qxd1 11.Rxd1 Bxc5 12.Nc3 Ke7 13.Na4 Bd6 14.Bxc6 bxc6
15.Bg5 Rhd8 16.Rac1 Rac8 17.Rd3 h6 18.Bxf6+ Kxf6 19.Rdc3 Be5 20.R3c2 Rd7
21.Nc5 Rdc7 22.b3 Bd6 23.Ne4+ Ke7 24.Rc4 f5 25.Nd2 c5 26.R1c2 Kd7 27.Ra4 Be5
28.Nc4 Bf6 29.Rd2+ Ke7 30.Ra6 Re8 31.e3 Kf8 32.Kf1 Ree7 33.Ke2 Kf7 34.Rdd6 Bc3
35.Rac6  1-0

[Event "LIV Abierto Mexicano de Ajedrez"]
[Site "Aguascalientes MEX"]
[Date "2008.03.20"]
[Round "3"]
[White "Gonzalez Zamora,J"]
[Black "Capo Vidal,U"]
[Result "1/2-1/2"]
[WhiteElo "2556"]
[BlackElo "2338"]

1.Nf3 d5 2.g3 Nf6 3.Bg2 e6 4.O-O Be7 5.c4 O-O 6.b3 c5 7.Bb2 Nc6 8.cxd5 Nxd5
9.Nc3 Bf6 10.Qc1 Nxc3 11.dxc3 b6 12.Nd2 Bb7 13.Ne4 Be7 14.f4 Qc7 15.Qc2 Rad8
16.Rae1 c4 17.b4 a5 18.a3 Nb8 19.Bc1 Nd7 20.Be3 b5 21.Bd4 f5 22.Nf2 Bf6 23.Bxf6 Nxf6
24.Bxb7 Qxb7 25.e4 g6 26.Re2 Rf7 27.Rfe1 Rfd7 28.exf5 exf5 29.Qc1 Qa7 30.Kf1 axb4
31.axb4 Rd3 32.Rd1 Ne4 33.Qe3 Qc7 34.Qd4 R8xd4 35.Rb2 Nxc3 36.Rdd2 Ne4 37.Rd1 Nc3  1/2-1/2

[Event "12th Neckar Open A"]
[Site "Deizisau GER"]
[Date "2008.03.20"]
[Round "1"]
[White "Schweizer,Ma"]
[Black "Bindrich,F"]
[Result "0-1"]
[WhiteElo "2112"]
[BlackElo "2497"]

1.Nf3 d5 2.g3 Nf6 3.Bg2 c6 4.d3 Bg4 5.Nbd2 Nbd7 6.b3 a5 7.Bb2 a4 8.O-O a3
9.Bd4 Qc7 10.Rc1 e5 11.Ba1 Bd6 12.h3 Bh5 13.e4 O-O 14.Re1 Rfe8 15.c3 Qb6
16.Qc2 Qa7 17.Nh4 Rad8 18.Nf5 Bf8 19.g4 Bg6 20.Nf1 Nc5 21.b4 Ne6 22.N1g3 Nf4
23.Bf1 h5 24.gxh5 N6xh5 25.Nxh5 Bxh5 26.Ng3 Bg6 27.Rcd1 Be7 28.exd5 Bh4 29.Kh2 cxd5
30.Qb3 Qxf2+  0-1

[Event "10th Foxwoods Open"]
[Site "Ledyard USA"]
[Date "2008.03.20"]
[Round "2"]
[White "Mac Intyre,P"]
[Black "Friedel,J"]
[Result "0-1"]
[WhiteElo "2299"]
[BlackElo "2487"]

1.Nf3 d5 2.g3 c6 3.Bg2 Bg4 4.h3 Bh5 5.d3 Nd7 6.Nbd2 e5 7.e4 Ngf6 8.O-O dxe4
9.dxe4 Bc5 10.Qe2 O-O 11.Rd1 Qc7 12.c3 Rfe8 13.b4 Bf8 14.Nc4 b5 15.Na5 Nc5
16.Bb2 Bg6 17.Nd2 Rad8 18.bxc5 Qxa5 19.Nb3 Qa4 20.f3 Rd7 21.Rxd7 Nxd7 22.Qf2 f6
23.Kh2 Bf7 24.Bf1 Bxb3 25.axb3 Qxb3 26.c4 Bxc5 27.Qd2 Nb6 28.cxb5 cxb5 29.Rxa7 Na4
30.Qd7 Qxb2+ 31.Kh1 Re7 32.Qd5+ Kf8  0-1

[Event "Doeberl Cup"]
[Site "Canberra AUS"]
[Date "2008.03.21"]
[Round "4"]
[White "Johansen,D"]
[Black "Malakhatko,V"]
[Result "1-0"]
[WhiteElo "2475"]
[BlackElo "2600"]

1.Nf3 d5 2.g3 Bg4 3.Bg2 Nd7 4.d3 Ngf6 5.h3 Bh5 6.O-O c6 7.a3 a5 8.Qe1 e5
9.e4 dxe4 10.dxe4 Bxf3 11.Bxf3 a4 12.Qe2 Bc5 13.Nd2 O-O 14.Nc4 Qc7 15.Rd1 Rfe8
16.Bg5 b5 17.Ne3 h6 18.Bxf6 Nxf6 19.Rd2 h5 20.Ng2 g6 21.Rad1 Kg7 22.c3 Rad8
23.Rxd8 Rxd8 24.Rxd8 Qxd8 25.h4 Qd7 26.Kh2 Qa7 27.Kg1 Nd7 28.Ne1 Nb6 29.Nd3 Bd6
30.Kg2 Qe7 31.Qc2 Qe6 32.Nc1 Bf8 33.Be2 Kh7 34.Nd3 Bh6 35.Qb1 Kg7 36.Ne1 Kf8
37.Bd3 Ke7 38.Nc2 Qd7 39.Ne1 c5 40.Nf3 c4 41.Bf1 Qd6 42.Be2 Nd7 43.Kf1 Nc5
44.Qc2 f6 45.Ke1 Qc6 46.Nd2 Bxd2+ 47.Qxd2 Qxe4 48.f3 Nd3+ 49.Kd1 Qf5 50.Qh6 Kd7
51.Qg7+ Kc6 52.Qf8 Nc5 53.Qa8+ Kd6 54.Qb8+ Kc6 55.Qa8+ Kc7 56.Qa5+ Kc6 57.Qa8+ Kd6
58.Qb8+ Ke7 59.Qxb5 Qb1+ 60.Kd2 Nb3+ 61.Ke3 Qg1+ 62.Ke4 Qxg3 63.Qb4+ Ke8
64.Qb8+ Ke7 65.Qb4+ Ke8 66.Qxa4+ Kf8 67.Qb4+ Kg7 68.Qe7+ Kh6 69.Qf8+ Kh7
70.Qf7+ Kh6 71.Qxf6 Kh7 72.Qf7+ Kh6 73.Qf8+ Kh7 74.Qe7+ Kh6 75.Qxe5 Qxh4+
76.Qf4+ Qxf4+ 77.Kxf4 Na5 78.a4 g5+ 79.Kf5 h4 80.Bf1 Nb7 81.Bh3 Na5 82.Bf1 Nb7
83.Bh3 Na5 84.Bg4 Nb3 85.Kf6 Na5 86.Ke5 Kg6 87.Kd5 Kf6 88.Kc5 Ke5 89.Kb5 Nb3
90.a5 Kd6 91.Kb6  1-0

[Event "12th Neckar Open A"]
[Site "Deizisau GER"]
[Date "2008.03.22"]
[Round "5"]
[White "Gourlay,I"]
[Black "Boidman,Y"]
[Result "1-0"]
[WhiteElo "2362"]
[BlackElo "2446"]

1.Nf3 d5 2.g3 Nf6 3.Bg2 Bf5 4.c4 c6 5.cxd5 cxd5 6.Qb3 Qb6 7.Qxb6 axb6 8.Nc3 Nc6
9.d3 e5 10.Bg5 Be6 11.Bxf6 gxf6 12.Nd2 Rd8 13.O-O Bh6 14.Rfd1 O-O 15.Na4 Rd6
16.Kf1 Ra8 17.Nc3 f5 18.Nb5 Rd7 19.d4 f6 20.Nb3 f4 21.Nc3 e4 22.Kg1 f5 23.gxf4 Bxf4
24.e3 Bh6 25.Kh1 Nb4 26.Bf1 f4 27.exf4 Rf7 28.a3 Nc6 29.Nxe4 Bg4 30.Nc3 Bxd1
31.Rxd1 Ne7 32.Bg2 Rd8 33.Re1 Bxf4 34.Re6 Kh8 35.Rxb6 Rg8 36.Ne2 Bc7 37.Rxb7 Rxf2
38.Ng3 Bxg3 39.hxg3 Rxg3 40.Rxe7 Rgxg2 41.Nc5 Rh2+ 42.Kg1 Rfg2+ 43.Kf1 Rxb2
44.Kg1 Rbg2+ 45.Kf1 Ra2 46.Kg1 Rhb2 47.Re1 Rxa3  1-0

[Event "31st San Sebastian Open"]
[Site "Donostia ESP"]
[Date "2008.03.22"]
[Round "8"]
[White "Perez Marchal,J"]
[Black "Neira Garcia,M"]
[Result "1-0"]
[WhiteElo "1880"]
[BlackElo "2002"]

1.Nf3 d5 2.g3 Nf6 3.Bg2 c5 4.c4 d4 5.b4 e6 6.Qa4+ Bd7 7.b5 Qc7 8.d3 Bd6 9.Nbd2 O-O
10.Ng5 Be7 11.Rb1 Qb6 12.Nde4 Ne8 13.Bd2 a5 14.Nh3 e5 15.f4 Bxh3 16.Bxh3 f5
17.Nf2 Nd7 18.e4 dxe3 19.Bxe3 exf4 20.Bxf4 Qe6+ 21.Kd2 Ne5 22.Bg2 Nd6 23.Bd5 Ndxc4+
24.dxc4  1-0

[Event "XXXV Open"]
[Site "La Roda ESP"]
[Date "2008.03.22"]
[Round "7"]
[White "Movsziszian,K"]
[Black "Sanchez,Joseph"]
[Result "1-0"]
[WhiteElo "2527"]
[BlackElo "2492"]

1.g3 d5 2.Nf3 c6 3.Bg2 Nf6 4.O-O Bg4 5.d3 Nbd7 6.Nbd2 e6 7.b3 a5 8.a3 Bc5
9.Bb2 O-O 10.c4 Re8  1-0

[Event "TCh-FRA Top 16 Gp A"]
[Site "Clichy FRA"]
[Date "2008.03.23"]
[Round "2"]
[White "Landenbergue,C"]
[Black "Fressinet,L"]
[Result "0-1"]
[WhiteElo "2451"]
[BlackElo "2656"]

1.Nf3 d5 2.g3 Bg4 3.Bg2 Nd7 4.O-O e5 5.d3 Ngf6 6.Nbd2 Bc5 7.e4 O-O 8.h3 Bh5
9.Qe2 Re8 10.Nb3 Bb6 11.a4 a5 12.Bd2 c6 13.Qe1 Nf8 14.Nh4 dxe4 15.dxe4 Ne6
16.Kh2 c5 17.Be3 Qc7 18.Qc3 Be2 19.Rfe1 Ba6 20.Nd2 c4 21.Nf5 Bc5 22.Bxc5 Qxc5
23.Ne3 Rac8 24.Kg1 Nd4 25.Bf1 Qb4 26.Kg2 Red8 27.Ra3 Nxc2 28.Nxc2 Qxc3 29.Rxc3 Rxd2
30.b3 b5 31.axb5 Bb7 32.Na3 Nxe4 33.Rxc4 Ng5+ 34.Rc6 Rxc6  0-1

[Event "57th ch-BUL w"]
[Site "Plovdiv BUL"]
[Date "2008.03.23"]
[Round "10"]
[White "Savova,S"]
[Black "Velcheva,M"]
[Result "1/2-1/2"]
[WhiteElo "2165"]
[BlackElo "2266"]

1.Nf3 d5 2.g3 c6 3.Bg2 Bg4 4.Ne5 Bf5 5.d4 Nd7 6.c3 Ngf6 7.Qb3 Qb6 8.Nxd7 Nxd7
9.Nd2 e6 10.e4 dxe4 11.Nxe4 Be7 12.Bf4 O-O 13.Qxb6 Nxb6 14.Nd6 Bxd6 15.Bxd6 Rfd8
16.Bf4 f6 17.O-O-O Nd5 18.Bxd5 cxd5 19.f3 g5 20.Be3 b5 21.g4 Bg6 22.Kd2 Rdc8
23.Rc1 Rc6 24.a3 a5 25.Ke2 Rc4 26.b3 Rc6 27.Bd2 Rac8 28.Rhe1 Kf7 29.Kf2 a4
30.b4 Rh8 31.h3 h5 32.Rh1 Rcc8 33.Rce1 Rh7 34.Kg2 Rch8 35.Bc1 Bd3 36.Bd2 f5
37.gxf5 Bxf5 38.Bxg5 Rc8 39.Rc1  1/2-1/2

[Event "ch-DEN"]
[Site "Silkeborg DEN"]
[Date "2008.03.23"]
[Round "9"]
[White "Jacobsen,B"]
[Black "Boe,M"]
[Result "1/2-1/2"]
[WhiteElo "2316"]
[BlackElo "2337"]

1.g3 d5 2.Nf3 Bg4 3.Bg2 c6 4.O-O Nf6 5.c4 e6 6.b3 Nbd7 7.Bb2 Bd6 8.d3 O-O
9.Nbd2 Qe7 10.a3 a5 11.h3 Bh5 12.Qc2  1/2-1/2

[Event "TCh-FRA Top 16 Gp B"]
[Site "Cannes FRA"]
[Date "2008.03.24"]
[Round "3"]
[White "Drasko,M"]
[Black "Buhmann,R"]
[Result "1/2-1/2"]
[WhiteElo "2540"]
[BlackElo "2570"]

1.Nf3 d5 2.g3 Nf6 3.Bg2 c6 4.O-O Bg4 5.d4 e6 6.Nbd2 Be7 7.Re1 O-O 8.e4 dxe4
9.Nxe4 Nbd7 10.c3 Nxe4 11.Rxe4 Bh5 12.Qb3  1/2-1/2

[Event "TCh-FRA Top 16 Gp B"]
[Site "Gonfreville FRA"]
[Date "2008.03.24"]
[Round "3"]
[White "Hauchard,A"]
[Black "Rausis,I"]
[Result "1/2-1/2"]
[WhiteElo "2476"]
[BlackElo "2520"]

1.Nf3 d5 2.g3 c6 3.Bg2 Bg4 4.O-O Nd7 5.d3 e6 6.Nbd2 Bd6 7.h3 Bh5 8.b3 Ne7
9.Bb2 O-O 10.e4 a5 11.a3 Re8 12.Re1 b5 13.Nf1 Qb6 14.Qd2 Rac8 15.Nh4 f6 16.exd5 Nxd5
17.c4 Nc7 18.d4 bxc4 19.bxc4 c5 20.Ne3 Rb8 21.Bc3 cxd4 22.Bxd4 Nc5 23.Ng4 Bxg4
24.hxg4 Qa6 25.Bxc5 Bxc5 26.Be4 Qd6 27.Qxd6 Bxd6 28.Re2 Rb3 29.a4 Bc5 30.Kg2 Rd8
31.Nf3 h6 32.Raa2 Rb6 33.Rad2 Rbd6 34.Rxd6 Rxd6 35.Rd2 Rxd2 36.Nxd2 Kf7 37.Nb3 Bb4
38.Kf3 Ke7 39.Ke3 Kd6 40.Kd3 Na6 41.Bb7 Nb8 42.Ke2 Nd7 43.c5+ Bxc5 44.Nxa5 Nb6
45.Be4 Nxa4 46.Nc4+ Kc7 47.Bg6 Nc3+ 48.Kd2 Nd5 49.Ke2 Kd7 50.f4 Nc3+ 51.Kf3 Nb5
52.Ke4 Ke7 53.Kf3 Nd4+ 54.Kg2 Kd7 55.Nd2 Kd6 56.Nf3 Nb5 57.Bd3 Nc7 58.Be4 Be3
59.Ne1 Bd2 60.Nd3 Nb5 61.Kf2 Nc3 62.Bg6 Kd5 63.Kf3 Nb5 64.Ke2 Ba5 65.Bf7 Kd4
66.Nf2 e5 67.Bg6 Nd6 68.Kf3 Nc4 69.Ne4 Bc7 70.Bf7 Nb2 71.Bg6 Nd3 72.Nf2 Nb4
73.g5 hxg5 74.fxg5 fxg5 75.Be4 Na6 76.Bf5 Nc5 77.Kg4 Bd8 78.Kf3 Be7 79.g4 Bd8
80.Ne4 Nb3 81.Be6 Na5 82.Bd7 Nc4 83.Be6 Nb2 84.Ng3 Bf6 85.Bf5 Nc4 86.Ne2+ Kd5
87.Nc3+ Kd6 88.Bd3 Kc5 89.Ne4+ Kd4 90.Bxc4 Kxc4 91.Ng3 Kd3 92.Ne4 Be7 93.Nf2+ Kd4
94.Ne4 Bd8 95.Ng3 Kd3 96.Ne4 Be7 97.Ng3 g6 98.Ne4 Kd4 99.Nf2 Ba3 100.Ne4 Bc1
101.Nf6 Kd3 102.Ne4 Bf4 103.Nf2+ Kd4 104.Ne4 Bc1 105.Nf6 Bd2 106.Ne4 Bf4
107.Nf6 Kd3 108.Ne4 Be3 109.Nf6 Bd2 110.Ne4 Bf4 111.Nf6 Kd2 112.Ne4+ Ke1
113.Nf6 Kd2 114.Ne4+ Kd3 115.Nf2+ Kd4  1/2-1/2

[Event "3rd Open"]
[Site "Kolkata IND"]
[Date "2008.03.24"]
[Round "1"]
[White "Adly,A"]
[Black "Thakur,Ak"]
[Result "1-0"]
[WhiteElo "2551"]
[BlackElo "2315"]

1.Nf3 d5 2.g3 Nc6 3.c4 d4 4.Bg2 e5 5.d3 Nf6 6.O-O Bc5 7.b4 Nxb4 8.Nxe5 O-O
9.a3 Na6 10.Nd2 Re8 11.Nef3 Bf8 12.Nb3 c5 13.e4 dxe3 14.fxe3 Bg4 15.h3 Bd7
16.Nh4 Qc7 17.Qf3 Bd6 18.Bb2 Be5 19.Rab1 Bxb2 20.Rxb2 Qe5 21.Qf2 Rab8 22.Re1 b5
23.cxb5 Rxb5 24.Nf3 Qc3 25.Rc1 Qxd3 26.Bf1 Qxe3 27.Bxb5 Qxf2+ 28.Rxf2 Bxb5
29.Nxc5 Nxc5 30.Rxc5 a6 31.Rfc2 Ne4 32.Re5 Nxg3 33.Rxe8+ Bxe8 34.Rc8 Kf8
35.Ra8 Ke7 36.Rxa6 Ne4 37.Ra7+ Kd6 38.a4 g5 39.a5 h5 40.Nd4 Nc5 41.a6 Kd5
42.Nf3 g4 43.Re7 Bc6 44.Ne5 Nxa6 45.Nxc6 Kxc6 46.h4 Nc5 47.Rxf7 Ne4 48.Kg2 Kd6
49.Rf5 Ke6 50.Rxh5 Kf6 51.Ra5 Ke6 52.Kf1 Kf6 53.Kg2 Ke6 54.Ra8 Kf5 55.Rg8 Nf6
56.Rg5+ Kf4 57.Ra5 Nh7 58.h5  1-0

[Event "Spring Open"]
[Site "Belgrade SCG"]
[Date "2008.03.25"]
[Round "1"]
[White "Ilic,Ljubi"]
[Black "Brankov,Kri"]
[Result "1/2-1/2"]
[WhiteElo "2310"]
[BlackElo "1875"]

1.Nf3 d5 2.g3 e6 3.d3 f5 4.Nbd2 Nf6 5.Bg2 Bd6 6.c4 c6 7.O-O O-O 8.a3 a5 9.Rb1 a4
10.b4 axb3 11.Qxb3 Nbd7 12.Bb2 Nc5 13.Qc2 Na4 14.Ra1 Nxb2 15.Qxb2 Qe7 16.a4 e5
17.cxd5 cxd5 18.Qb3 Kh8 19.Qc2  1/2-1/2

[Event "Spring Open"]
[Site "Belgrade SCG"]
[Date "2008.03.26"]
[Round "2"]
[White "Mihajlovic,M"]
[Black "Petrovic,Mil"]
[Result "1-0"]
[WhiteElo "2220"]
[BlackElo "2017"]

1.Nf3 d5 2.g3 Nd7 3.d4 e6 4.Bg2 c6 5.a4 Be7 6.O-O h5 7.h3 g5 8.c4 g4 9.hxg4 hxg4
10.Nh2 f5 11.cxd5 exd5 12.Nc3 Ndf6 13.Bf4 Bd6 14.e3 Qc7 15.Re1 Ne4 16.Qc2 Bxf4
17.exf4 Qh7 18.Nxg4 fxg4 19.Nxe4 dxe4 20.Rxe4+ Kd8 21.Qc5 Ne7 22.d5 Nxd5
23.Rd1 Bd7 24.Re5 b6 25.Qd4 Rc8 26.b4 Rc7 27.b5 Ne7 28.bxc6 Nxc6 29.Bxc6 Rxc6
30.Rh5 Kc7 31.Qe5+ Kb7 32.Rxh7 Rxh7 33.a5 Rch6 34.Rxd7+ Rxd7 35.f5 Ka6 36.f6 Rf7
37.Qe2+ Kb7 38.a6+ Kc7 39.Qc4+  1-0

[Event "FKB ch-USA Qualifier"]
[Site "Tulsa USA"]
[Date "2008.03.28"]
[Round "2"]
[White "Naroditsky,D"]
[Black "Friedel,J"]
[Result "0-1"]
[WhiteElo "2205"]
[BlackElo "2487"]

1.Nf3 d5 2.g3 c6 3.Bg2 Bg4 4.O-O Nd7 5.d3 e5 6.Nbd2 Ngf6 7.e4 Bd6 8.c3 O-O
9.Qc2 Re8 10.h3 Bh5 11.Re1 Bf8 12.a4 a5 13.Nf1 dxe4 14.dxe4 Nc5 15.g4 Bg6
16.Ng3 Qd3 17.Qxd3 Nxd3 18.Re2 Nd7 19.Nh4 N7c5 20.Be3 Rad8 21.Nxg6 hxg6 22.Nf1 Nb3
23.Rb1 Bc5 24.Bf3 Bxe3 25.Rxe3 Nf4 26.Kh2 Nd2 27.Nxd2 Rxd2 28.Kg3 g5 29.b4 axb4
30.Rxb4 Re7 31.Rb6 Red7 32.Re1 Rc2 33.Rb3 Ne6 34.Rd1 Rxd1 35.Bxd1 Rc1 36.Bf3 Nc5
37.Ra3 Rc2 38.a5 Kf8 39.Bg2 Rb2 40.f3 Rb3 41.Ra2 Rxc3 42.Kf2 Rc4 43.a6 bxa6
44.Bf1 Ra4 45.Rc2 Ra5 46.Rb2 Ke7 47.Rb8 Ra2+ 48.Kg3 Ra3 49.Kg2 a5 50.Ra8 f6
51.Ra7+ Kd6 52.Rxg7 Rc3 53.Rf7 Nd7 54.Ba6 a4 55.Bc8 Nb6 56.Bf5 a3 57.Rxf6+ Kc5
58.Rf7 Nc4 59.Ra7 Rc2+ 60.Kg3 Ne3 61.f4 Nf1+ 62.Kf3 gxf4  0-1

[Event "Spring Open"]
[Site "Belgrade SCG"]
[Date "2008.03.29"]
[Round "5"]
[White "Tausanov,M"]
[Black "Milin,D"]
[Result "1/2-1/2"]
[WhiteElo "1850"]
[BlackElo "2129"]

1.Nf3 d5 2.g3 Nc6 3.Bg2 Bg4 4.c4 d4 5.d3 Qd7 6.Qa4 e5 7.O-O f6 8.e3 Nb4 9.Qxd7+ Kxd7
10.Na3 Nxd3 11.exd4 Nxc1 12.Raxc1 Bxa3 13.bxa3 Bxf3 14.Bxf3 exd4 15.Rb1 Rb8
16.Bxb7 Ne7 17.Rfd1 c5 18.Be4 g6 19.Rb3 Rb6 20.Rdb1 Rhb8 21.a4 Nc8 22.a5 Rb4
23.Kf1 Rxb3 24.axb3 Ne7 25.Ke2 Rb4  1/2-1/2

[Event "3rd Open"]
[Site "Kolkata IND"]
[Date "2008.03.29"]
[Round "6"]
[White "Swapnil,SD"]
[Black "Sriram,J"]
[Result "1/2-1/2"]
[WhiteElo "2307"]
[BlackElo "2457"]

1.Nf3 d5 2.g3 c6 3.Bg2 Bg4 4.b3 Nd7 5.Bb2 Qc7 6.d4 e6 7.O-O a5 8.a3 Ngf6
9.Nbd2 Be7 10.c4 O-O 11.Rc1 Qb8 12.Re1 b5 13.c5 Qc7 14.e4 dxe4 15.Nxe4 Rad8
16.Ned2 Nd5 17.Qe2 Rfe8 18.h3 Bh5 19.Ne4 Bf8 20.Qf1 f6 21.Nc3 Bf7 22.Nxd5 exd5
23.Rxe8 Rxe8 24.Re1 Be7 25.Bc1 Nf8 26.Bf4 Qd7 27.h4 Be6 28.Bd2 Bd8 29.Re3 Bf5
30.Qe1 Rxe3 31.Qxe3 Qe6 32.Ne1 Bc7 33.Bf1 Qxe3  1/2-1/2

[Event "FKB ch-USA Qualifier"]
[Site "Tulsa USA"]
[Date "2008.03.29"]
[Round "3"]
[White "Goldin,A"]
[Black "Bradford,J"]
[Result "1/2-1/2"]
[WhiteElo "2566"]
[BlackElo "2419"]

1.Nf3 d5 2.g3 Nf6 3.Bg2 g6 4.c4 Bg7 5.cxd5 O-O 6.O-O Nxd5 7.d4 Nc6 8.e4 Nb6
9.d5 Na5 10.Qe1 Nac4 11.Nc3 e6 12.dxe6 Bxe6 13.Qe2 Qe7 14.Bf4 c6 15.Rfc1 Bg4
16.b3 Ne5 17.Qe3 Nxf3+ 18.Bxf3 Bxf3  1/2-1/2

[Event "FKB ch-USA Qualifier"]
[Site "Tulsa USA"]
[Date "2008.03.29"]
[Round "4"]
[White "Naroditsky,D"]
[Black "Rowley,R"]
[Result "1-0"]
[WhiteElo "2205"]
[BlackElo "2231"]

1.Nf3 d5 2.g3 Nf6 3.Bg2 Nc6 4.d4 Bf5 5.O-O e6 6.b3 Be7 7.Bb2 Ne4 8.c4 h5
9.Nc3 h4 10.Nd2 hxg3 11.Ndxe4 gxh2+ 12.Kh1 dxe4 13.d5 exd5 14.cxd5 Ne5 15.Nxe4 Bxe4
16.Bxe4 Bd6 17.Qd4 Qe7 18.f4 Nd7 19.Bg2 Bc5 20.Qd3 O-O-O 21.e4 f6 22.Rae1 Bb6
23.e5 Qc5 24.Bh3 Rxh3 25.Qxh3 Qxd5+ 26.Qf3 Qxf3+ 27.Rxf3 fxe5 28.fxe5 Nc5
29.Re2 Ne6 30.Kxh2 Bd4 31.Rf7 Bxb2 32.Rxb2 Rd7 33.Rxd7 Kxd7 34.Kg3 a5 35.Kf3 b6
36.Ke4 Ke7 37.Rd2  1-0

[Event "TCh-HUN 2007-8"]
[Site "Budapest HUN"]
[Date "2008.03.30"]
[Round "9"]
[White "Berczes,C"]
[Black "Halkias,S"]
[Result "0-1"]
[WhiteElo "2419"]
[BlackElo "2590"]

1.Nf3 d5 2.g3 c6 3.Bg2 Nf6 4.d3 Bg4 5.Nbd2 Nbd7 6.h3 Bh5 7.O-O e5 8.e4 dxe4
9.dxe4 Be7 10.b3 Qc7 11.Bb2 O-O 12.Qe1 Rfe8 13.Kh1 Rad8 14.Nc4 Bxf3 15.Bxf3 b5
16.Ne3 Bc5 17.Rd1 Nf8 18.Ng4 N6d7 19.Bg2 h5 20.Nh2 Nf6 21.Rxd8 Qxd8 22.f4 N8d7
23.fxe5 Nxe5 24.Qc3 Bf8 25.Rf5 Qd1+ 26.Nf1 Nfd7 27.Rf2 Qb1 28.Ba1 b4 29.Qb2 Qe1
30.Rd2 Nf6 31.Qd4 c5 32.Qxe5 Rxe5 33.Bxe5 Nxe4 34.Rd8 Nf2+ 35.Kg1 Qxe5 36.Kxf2 Qf6+  0-1

[Event "3rd Open"]
[Site "Kolkata IND"]
[Date "2008.04.01"]
[Round "9"]
[White "Kobese,W"]
[Black "Solomon,K"]
[Result "1/2-1/2"]
[WhiteElo "2389"]
[BlackElo "2332"]

1.Nf3 d5 2.g3 c6 3.Bg2 Bg4 4.O-O Nd7 5.c4 Ngf6 6.d4 e6 7.b3 Bd6 8.Bb2 O-O
9.Ne5 Bf5 10.Nd2 h6  1/2-1/2

[Event "3rd Open"]
[Site "Kolkata IND"]
[Date "2008.04.02"]
[Round "10"]
[White "Venkatesh,M"]
[Black "Thejkumar,M"]
[Result "1-0"]
[WhiteElo "2444"]
[BlackElo "2382"]

1.Nf3 d5 2.g3 c6 3.Bg2 Nf6 4.d3 Bg4 5.Nbd2 Nbd7 6.h3 Bh5 7.e4 dxe4 8.dxe4 e5
9.O-O Bc5 10.Qe1 O-O 11.Kh1 Re8 12.Nh4 Qc7 13.f4 exf4 14.gxf4 b5 15.e5 Nxe5
16.fxe5 Rxe5 17.Qg3 Qd6 18.Ndf3 Rd5 19.Bf4 Qf8 20.Ne5 Rdd8 21.Bg5 Bg6 22.Rxf6 gxf6
23.Bxf6 Rd6 24.Rf1 Qe8 25.Ng4 h5 26.Ne5 Kh7 27.Nhxg6 fxg6 28.Be4  1-0

[Event "ch-SRB w"]
[Site "Kac SRB"]
[Date "2008.04.03"]
[Round "6"]
[White "Maksimovic,S"]
[Black "Djukic,Sa"]
[Result "1-0"]
[WhiteElo "2264"]
[BlackElo "2204"]

1.Nf3 d5 2.g3 Nf6 3.Bg2 c6 4.d3 h6 5.O-O Bf5 6.Nbd2 e6 7.b3 Be7 8.Bb2 O-O
9.a3 a5 10.Qe1 Bh7 11.e4 Na6 12.Qe2 b5 13.Ne5 Qb6 14.Ng4 Qd8 15.f4 Nxg4 16.Qxg4 Bf6
17.Be5 Bxe5 18.fxe5 d4 19.h4 Qb6 20.Qe2 Nb8 21.Nf3 c5 22.a4 bxa4 23.Rxa4 Nc6
24.Qd2 Qc7 25.Qf4 Rab8 26.Bh3 Kh8 27.Rc4 Ne7 28.h5 Rbd8 29.Kh2 Nc8 30.Ra4 Ne7
31.Nd2 Nc6 32.Nc4 Bg8 33.Raa1 Ra8 34.Rf2 Qe7 35.Raf1 Ra6 36.Qd2 Raa8 37.Rf6 Nxe5
38.Rxh6+ gxh6 39.Qxh6+ Bh7 40.Nxe5 Kg8 41.Nc6 Qe8 42.Qg5+ Bg6 43.Ne7+ Kg7
44.Qf6+ Kh7 45.Rf4 Bxe4 46.Rxe4  1-0

[Event "Sozina Open"]
[Site "Bar MNE"]
[Date "2008.04.04"]
[Round "8"]
[White "Jacimovic,D"]
[Black "Blagojevic,Dr"]
[Result "0-1"]
[WhiteElo "2426"]
[BlackElo "2532"]

1.Nf3 d5 2.g3 c6 3.Bg2 Bg4 4.O-O e6 5.d3 Nd7 6.Nbd2 Bd6 7.b3 Ne7 8.Bb2 O-O
9.Qe1 a5 10.a3 b5 11.e4 Qb8 12.Qe3 Bh5 13.Rfe1 h6 14.Bh3 Qa7 15.Qe2 Rfe8
16.g4 Bg6 17.e5 Bc5 18.Nf1 Bh7 19.Ng3 Ng6 20.Nh5 Bb6 21.Rad1 a4 22.b4 c5
23.bxc5 Bxc5 24.c3 Be7 25.d4 Rac8 26.Ra1 Nb6 27.Nd2 Bg5 28.Nf1 Re7 29.Ne3 Nc4
30.Nxc4 Rxc4 31.Bf1 Qa5 32.Qf3 Rc8 33.Red1 Rec7 34.Qg3 Be7 35.Rac1 Nh4 36.Nf6+ gxf6
37.Qxh4 fxe5 38.Qxh6 e4 39.Rc2 Rb7 40.Bc1 Qd8 41.Qe3 Qf8 42.Rb2 Rbc7 43.Bd2 Bxa3
44.Rxb5 Be7 45.Qh3 Qg7 46.Qg3 a3 47.Rc1 Ra7 48.Rb8 Ra8 49.Rxc8+ Rxc8 50.Ra1 Qf8
51.Be2 Ra8 52.c4 dxc4 53.Bxc4 Qd8 54.Be3 Bf6 55.Bb3 Qb6 56.Rb1 Rb8 57.Kg2 Qd8
58.g5 Bg7 59.h4 Bg6 60.Qf4 Rb5 61.Bc2 Rxb1 62.Bxb1 Bxd4 63.Ba2 Qb6 64.Bxd4 Qxd4
65.Qf6 Qxf6 66.gxf6 e5  0-1

[Event "TCh-RUS Major League"]
[Site "Dagomys RUS"]
[Date "2008.04.04"]
[Round "2"]
[White "Shorokhov,Alexandr"]
[Black "Raetsky,A"]
[Result "1-0"]
[WhiteElo "2470"]
[BlackElo "2424"]

1.Nf3 d5 2.g3 Nc6 3.d4 Bg4 4.Bg2 Qd7 5.h3 Bh5 6.c3 f6 7.b4 a6 8.Bf4 g5 9.Bc1 Bg6
10.Nbd2 e6 11.Nb3 b6 12.h4 g4 13.Nfd2 h5 14.e4 Nge7 15.O-O Bg7 16.a3 O-O
17.Re1 Rad8 18.Qe2 e5 19.Bb2 exd4 20.cxd4 f5 21.exd5 Nxd5 22.Rac1 Rfe8 23.Qxa6 Rxe1+
24.Rxe1 f4 25.Qc4 Bf7 26.Qc2 Nce7 27.Nc4 fxg3 28.fxg3 Bg6 29.Qd2 Kh7 30.Ne5 Bxe5  1-0

[Event "TCh-RUS w"]
[Site "Dagomys RUS"]
[Date "2008.04.04"]
[Round "3"]
[White "Melnikova,Y"]
[Black "Tairova,E"]
[Result "0-1"]
[WhiteElo "2259"]
[BlackElo "2412"]

1.Nf3 d5 2.g3 c6 3.Bg2 Bg4 4.O-O Nd7 5.d3 Ngf6 6.c4 e6 7.b3 Bd6 8.Bb2 O-O
9.Re1 e5 10.e4 d4 11.a3 a5 12.h3 Bh5 13.Nbd2 Ne8 14.Qc2 f6 15.Nh4 Nc7 16.Bf3 Bf7
17.Bg4 Re8 18.Kh2 Ne6 19.Bxe6 Bxe6 20.Ng2 c5 21.Bc1 a4 22.b4 cxb4 23.axb4 Bxb4
24.Rxa4 Qb6 25.Re2 Nc5 26.Rxa8 Rxa8 27.Nb3 Na4 28.Bd2 Bxd2 29.Rxd2 Nc3 30.Nc1 Bd7
31.Qb2 Qe6 32.g4 b6 33.Ne1 h5 34.f3 Kf7 35.Nc2 hxg4 36.fxg4 Rh8 37.Rg2 Rb8
38.Na2 Na4 39.Qa3 b5 40.cxb5 Bxb5 41.Nab4 Qd6 42.g5 Qe6 43.Nd5 fxg5 44.Rxg5 g6
45.Nc7 Qe7 46.Qb3+ Kg7 47.Ne6+ Kh6 48.Rg2 Rb6 49.Ng5 Kg7 50.h4 Nc3 51.Qa3 Rb7
52.Qa8 Rc7 53.Nf3 Bxd3 54.Qa3 Bxe4  0-1

[Event "II Ruy Lopez IM"]
[Site "Merida ESP"]
[Date "2008.04.05"]
[Round "1"]
[White "Frois,A"]
[Black "Garcia Romero,B"]
[Result "1/2-1/2"]
[WhiteElo "2370"]
[BlackElo "2250"]

1.Nf3 d5 2.g3 c5 3.Bg2 Nc6 4.O-O Nf6 5.d4 e6 6.c4 dxc4 7.dxc5 Qxd1 8.Rxd1 Bxc5
9.Nc3 O-O 10.Bg5 Ng4 11.Ne4 Bb6 12.Rf1 f6 13.Bd2 Rd8 14.h3 f5 15.Nc3 Nf6
16.Bf4 Bd7 17.Rfd1 Rac8 18.Rac1 h6 19.Ne5 Nxe5 20.Bxe5 Bc6 21.Bxf6 gxf6 22.Rxd8+ Bxd8
23.Bxc6 Rxc6 24.Rd1 Ba5 25.Rd7 Bxc3 26.bxc3 b5 27.Rb7 Rc5 28.Rxa7 b4 29.Kf1 bxc3
30.Ra3 Rb5  1/2-1/2

[Event "ch-SRB w"]
[Site "Kac SRB"]
[Date "2008.04.06"]
[Round "8"]
[White "Chelushkina,I"]
[Black "Eric,J"]
[Result "1-0"]
[WhiteElo "2357"]
[BlackElo "2104"]

1.g3 d5 2.Nf3 Bg4 3.h3 Bh5 4.Bg2 c6 5.O-O Nd7 6.d3 e6 7.Nc3 Bd6 8.e4 Ne7
9.Bd2 O-O 10.exd5 exd5 11.Ne2 Qc7 12.Nf4 Bxf3 13.Qxf3 Ne5 14.Qd1 N7g6 15.Nxg6 Nxg6
16.d4 Qb6 17.Bc1 Rae8 18.h4 Ne7 19.c3 Qc7 20.b3 Qd7 21.Qd3 Qf5 22.Qxf5 Nxf5
23.Bh3 Ne7 24.Bd2 Nc8 25.Rfe1 h6 26.c4 Rd8 27.c5 Bc7 28.b4 Rfe8 29.a4 Ne7
30.b5 Kf8 31.Reb1 Rb8 32.Bb4 Red8 33.Re1 f5 34.Re6 Re8 35.Rae1 Rbd8 36.h5 Kf7
37.b6 Bb8 38.bxa7 Bxa7 39.Ba5 Rc8 40.Rd6 Ra8 41.Rd7 Bxc5 42.Bc3 Ba3 43.a5 Red8
44.Rxb7 Kf6 45.Bf1 Rdb8 46.Reb1 Rxb7 47.Rxb7 Nc8 48.Rc7 Ne7 49.a6 Bd6 50.Rd7 Ke6
51.Rb7 Kf6 52.Ba5 Nc8 53.Bd8+ Be7 54.Bc7 Ke6 55.g4 fxg4 56.Be2 Kf5 57.Be5 Kg5
58.Rc7 Kxh5 59.Rxc6 Bf6 60.Bxf6 gxf6 61.Rxf6 Kg5 62.Re6 h5 63.Re5+ Kf4 64.Rxd5 h4
65.Rd8 g3 66.Rf8+ Kg5 67.fxg3 hxg3 68.Kg2 Nb6 69.Rxa8 Nxa8 70.Bf3 Nc7 71.a7 Kf5
72.a8=Q Nxa8 73.Bxa8  1-0

[Event "TCh-RUS Major League"]
[Site "Dagomys RUS"]
[Date "2008.04.07"]
[Round "5"]
[White "Novik,Ma"]
[Black "Raetsky,A"]
[Result "1-0"]
[WhiteElo "2463"]
[BlackElo "2424"]

1.Nf3 d5 2.g3 Nc6 3.d4 Bg4 4.Bg2 Qd7 5.h3 Bh5 6.c3 f6 7.b4 a6 8.O-O e6 9.Nbd2 f5
10.a4 Bd6 11.Nb3 Nf6 12.b5 Nd8 13.Ne5 Qe7 14.c4 Ne4 15.Qd3 O-O 16.Bb2 Nf7
17.Nf3 dxc4 18.Qxc4 Kh8 19.d5 e5 20.Nh4 Qf6 21.Nxf5 Qxf5 22.g4 Qd7 23.Qxe4 Bg6
24.Qc4 Ng5 25.Nc5 Qe7 26.Nxb7 Rf4 27.Qc1 Be4 28.Nxd6 cxd6 29.bxa6 Nxh3+ 30.Bxh3 Qh4
31.Qxf4 exf4 32.Ra3 Rxa6 33.Rc1  1-0